| 000 | 00535nam a2200193 a 4500 | ||
|---|---|---|---|
| 001 | 3612 | ||
| 003 | CDMR | ||
| 005 | 20131210132956.0 | ||
| 008 | 130130s1971||||||||||||||||||||||||||||d | ||
| 040 |
_aCDMR _bcat _cCDMR |
||
| 100 | 1 |
_aRosie, Aeneas Murdoch _92578 |
|
| 245 | 1 | 0 |
_aThéorie de l'information et de la comunication _cpar A. M. Rosie |
| 260 |
_aParis _c1971 _bDunod |
||
| 300 | _a244 p. | ||
| 490 | 0 | _aMonographies Dunod | |
| 650 | 0 | 4 |
_92194 _aInformació, Teoria de la |
| 650 | 0 | 4 |
_92085 _aComunicació _xTeoria |
| 942 |
_cMON _2udc |
||
| 999 |
_c3612 _d3612 |
||